| 000 | 00457nam a2200181 a 4500 | ||
|---|---|---|---|
| 003 | DLC | ||
| 005 | 20210219152719.0 | ||
| 022 | _a1038-1562 | ||
| 035 | _aUPN01000059446 | ||
| 245 | 0 | 0 | _aAUSTRALIAN JOURNAL OF LANGUAGE AND LITERACY |
| 260 |
_aAustralia : _bAustralian Literacy Educators' Association _c1978 |
||
| 310 | _aTrimestral | ||
| 653 | 0 | _aLITERATURA | |
| 653 | 0 | _aLENGUAJE | |
| 653 | 0 | _aAPRENDIZAJE | |
| 905 | _aRevista | ||
| 999 |
_c59427 _d59427 |
||